000 00317pam a2200145 a 4500
020 _a978-007-127590-3
_c
041 _h
082 _a540
100 _aChang R.
_eAuthor
245 _aChemistry
_cChang R.
_hTextual Documents
250 _a9th Ed.
260 _bMcGraw Hill
_c2008
300 _a1061
930 _a275
999 _c244462
_d244462